GUESS KPOP GROUP BY LIGHTSTICK. - Statistics

General Stats
  • This quiz has been taken 456 times
  • The average score is 21 of 36
Answer Stats
Picture Answer % Correct
BLACKPINK
99%
EXO
99%
aespa
94%
TWICE
93%
BTS
90%
Stray Kids
87%
TXT
87%
Red Velvet
85%
newjeans
81%
Kep1er
80%
ITZY
79%
LE SSERAFIM
79%
IVE
72%
SEVENTEEN
70%
(G)I-DLE
62%
BIGBANG
61%
ASTRO
59%
MAMAMOO
59%
iKON
57%
Apink
51%
BOYNEXTDOOR
50%
Dreamcatcher
50%
SNSD
48%
fromis_9
45%
GOT7
45%
NCT DREAM
44%
NMIXX
44%
WINNER
44%
NCT 127
41%
HIGHLIGHT
40%
MONSTA X
29%
TREASURE
27%
WJSN
14%
BTOB
13%
Billlie
4%
DRIPPIN'
3%
No matching quizzes found
Score Distribution
Percent of People with Each Score
Percentile by Number Answered
Your Score History
You have not taken this quiz